Compromiso deontológico en los procesos contractuales: caso concesiones viales en Colombia /
محفوظ في:
| المؤلف الرئيسي: | |
|---|---|
| مؤلفون آخرون: | , |
| التنسيق: | نص |
| الوسوم: |
إضافة وسم
لا توجد وسوم, كن أول من يضع وسما على هذه التسجيلة!
|
MARC
| LEADER | 00000 a a2200000 04500 | ||
|---|---|---|---|
| 001 | 48700 | ||
| 003 | |||
| 040 | |||
| 100 | |a Serrano Guzmán, María Fernanda | ||
| 245 | |a Compromiso deontológico en los procesos contractuales: |b caso concesiones viales en Colombia / |c María Fernanda Serrano Guzmán, Norma Cristina Solarte Venegas, Diego Darío Pérez Ruiz | ||
| 700 | |a Solarte Venegas, Norma Cristina | ||
| 700 | |a Pérez Ruiz, Diego Darío | ||
| 773 | |a volumen93, número2, (2015), páginas 143-154 | ||
| 999 | |c 31680 |d 31680 | ||
